All 6 Letter Words that Begin With O - Statistics

General Stats
  • This quiz has been taken 4 times
  • The average score is 103 of 585
Answer Stats
% Correct
obtuse
100%
offers
100%
oilers
100%
oiling
100%
oinked
100%
opaque
100%
opened
100%
opener
100%
ordain
100%
orders
100%
organs
100%
others
100%
otters
100%
owning
100%
oaring
75%
oaters
75%
obeyed
75%
obeyer
75%
oblast
75%
oblate
75%
oblong
75%
obvert
75%
ochers
75%
octane
75%
offals
75%
office
75%
offing
75%
offlet
75%
oglers
75%
oilier
75%
onions
75%
onsets
75%
operas
75%
opines
75%
optics
75%
option
75%
orange
75%
orbits
75%
orgies
75%
ouches
75%
oughts
75%
ounces
75%
outing
75%
overdo
75%
overed
75%
overly
75%
owners
75%
oxides
75%
oxygen
75%
oyster
75%
ozones
75%
object
50%
oblige
50%
obtain
50%
occult
50%
occupy
50%
occurs
50%
oceans
50%
ochres
50%
Octans
50%
octant
50%
octets
50%
oddest
50%
odours
50%
offend
50%
offset
50%
oftens
50%
ogling
50%
okayed
50%
Oliver
50%
olives
50%
ombres
50%
omegas
50%
oncers
50%
onyxes
50%
oozing
50%
openly
50%
opined
50%
opiner
50%
opioid
50%
oppone
50%
oppose
50%
opting
50%
oraler
50%
orales
50%
orally
50%
orbing
50%
orbity
50%
orchis
50%
ordeal
50%
organy
50%
oriole
50%
ornate
50%
orphan
50%
orting
50%
osprey
50%
ostent
50%
ousted
50%
ouster
50%
outact
50%
outage
50%
outbid
50%
outbuy
50%
outcry
50%
outdid
50%
outeat
50%
outfly
50%
outgun
50%
outher
50%
outies
50%
outlay
50%
outler
50%
outlet
50%
outlie
50%
outman
50%
output
50%
outran
50%
outrig
50%
outros
50%
outrow
50%
outrun
50%
outsaw
50%
outsea
50%
outsee
50%
outset
50%
overby
50%
owlers
50%
owlets
50%
owling
50%
ozoner
50%
oblata
25%
oblats
25%
obleys
25%
obsess
25%
obuses
25%
ocelot
25%
ochery
25%
ochone
25%
octads
25%
octave
25%
octine
25%
octopi
25%
ocular
25%
oddity
25%
odiums
25%
odored
25%
oilman
25%
oilmen
25%
okapis
25%
oldest
25%
oldies
25%
ollies
25%
Omanis
25%
oncome
25%
ondine
25%
onding
25%
oneing
25%
onesie
25%
onfall
25%
onflow
25%
online
25%
onsens
25%
onside
25%
onward
25%
oodles
25%
oohing
25%
oolong
25%
oompah
25%
oomphs
25%
oozier
25%
opelus
25%
Ophian
25%
ophite
25%
optima
25%
optime
25%
opuses
25%
orangy
25%
orated
25%
orates
25%
orator
25%
orchid
25%
orchil
25%
orgias
25%
orient
25%
origin
25%
ornery
25%
orpine
25%
orthal
25%
Orthis
25%
ossify
25%
ossing
25%
osteal
25%
ostein
25%
ostial
25%
ostler
25%
Ottawa
25%
outask
25%
outate
25%
outbox
25%
outbye
25%
outens
25%
outfit
25%
outfox
25%
outgas
25%
outlaw
25%
outray
25%
outsat
25%
outsit
25%
outtop
25%
overgo
25%
ovines
25%
ovoids
25%
oxidic
25%
oxines
25%
oxtail
25%
Ozarks
25%
oafish
0%
Oahuan
0%
oakier
0%
oaktag
0%
oakums
0%
oarage
0%
oasean
0%
oathay
0%
obangs
0%
obduce
0%
obdure
0%
obeahs
0%
obeche
0%
obechi
0%
obelia
0%
obelus
0%
Oberea
0%
oberek
0%
Oberon
0%
obexes
0%
obfirm
0%
obfusc
0%
obispo
0%
obital
0%
obiter
0%
objets
0%
oboist
0%
oboles
0%
obolus
0%
Obongo
0%
obroks
0%
obsede
0%
obtect
0%
obtend
0%
obtest
0%
obtund
0%
ocelli
0%
Ochoan
0%
ochrea
0%
ochrey
0%
ocicat
0%
Ocimum
0%
Ocotea
0%
ocotes
0%
ocreae
0%
octavo
0%
octene
0%
octode
0%
octoid
0%
octose
0%
octroi
0%
octroy
0%
octuor
0%
octyls
0%
octyne
0%
oculus
0%
Ocyroe
0%
Odawas
0%
oddish
0%
odeums
0%
odhall
0%
odhals
0%
Odinic
0%
odious
0%
odists
0%
odoris
0%
odsbud
0%
odyles
0%
odylic
0%
oecist
0%
oecium
0%
oecoid
0%
oedema
0%
oekist
0%
Oeneis
0%
oenins
0%
Oenone
0%
oeuvre
0%
offcut
0%
offish
0%
offlap
0%
oflags
0%
oftest
0%
ogamic
0%
Ogdoad
0%
oghams
0%
ogival
0%
ogived
0%
ogives
0%
Oglala
0%
ogress
0%
ogrish
0%
ohelos
0%
Ohians
0%
Ohioan
0%
Ohlone
0%
ohmage
0%
oidium
0%
oilcan
0%
oildom
0%
oilily
0%
oillet
0%
oilway
0%
ointed
0%
Ojibwa
0%
Ojibwe
0%
okoume
0%
okumes
0%
Olchas
0%
oldish
0%
oleate
0%
olefin
0%
oleins
0%
Olenus
0%
oleose
0%
oleous
0%
oleoyl
0%
oleums
0%
oleyls
0%
olingo
0%
Olinia
0%
olivet
0%
ollamh
0%
ollave
0%
ollavs
0%
ollied
0%
olluco
0%
Olmecs
0%
Olnets
0%
olonas
0%
Omagua
0%
Omahan
0%
Omahas
0%
omasal
0%
omasum
0%
omdehs
0%
omelet
0%
omenta
0%
omerta
0%
Ommiad
0%
omnify
0%
omnist
0%
omnium
0%
omrahs
0%
onager
0%
onagra
0%
onchia
0%
oncost
0%
ondule
0%
Oneida
0%
Oneota
0%
Ongole
0%
oniony
0%
onlaid
0%
onlaps
0%
onlays
0%
onload
0%
onmuns
0%
Ononis
0%
onroll
0%
onrush
0%
onuses
0%
onycha
0%
onyxis
0%
oocapt
0%
oocyst
0%
oocyte
0%
ooecia
0%
oofier
0%
oogamy
0%
oogeny
0%
ooglea
0%
ooidal
0%
oolite
0%
oology
0%
oomiak
0%
oopack
0%
oopaks
0%
ooping
0%
oopoda
0%
oorali
0%
oorial
0%
oosome
0%
ootids
0%
ootype
0%
Opatas
0%
opelet
0%
opepes
0%
operon
0%
ophion
0%
ophism
0%
Ophrys
0%
opiate
0%
opihis
0%
Opilia
0%
opiums
0%
oppida
0%
oppugn
0%
opsins
0%
optant
0%
optate
0%
optive
0%
orache
0%
oracle
0%
orangs
0%
orante
0%
orants
0%
Oraons
0%
oraria
0%
orbier
0%
orcein
0%
orcins
0%
ordres
0%
ordure
0%
oreads
0%
oreide
0%
Orejon
0%
orenda
0%
Oretic
0%
orexin
0%
orexis
0%
orfray
0%
orfrey
0%
orgasm
0%
orgeat
0%
orgone
0%
orgues
0%
oribis
0%
origan
0%
orihon
0%
orisha
0%
orison
0%
orlean
0%
Orloff
0%
Ormazd
0%
ormers
0%
ormolu
0%
Ormond
0%
ornary
0%
ornify
0%
Orochi
0%
orogen
0%
oroide
0%
Orokes
0%
Orokon
0%
Oromos
0%
orphic
0%
orping
0%
orrery
0%
ortets
0%
orthic
0%
orthid
0%
oryxes
0%
Osages
0%
Oscans
0%
oscine
0%
oscula
0%
oscule
0%
osetra
0%
Osgood
0%
osides
0%
osiers
0%
osiery
0%
Osiris
0%
osmate
0%
osmics
0%
osmium
0%
osmole
0%
osmols
0%
osmond
0%
osmose
0%
osmous
0%
osmund
0%
osones
0%
ossein
0%
Ossete
0%
Ossets
0%
ossium
0%
osteon
0%
Ostiak
0%
ostium
0%
Ostmen
0%
ostomy
0%
Ostrea
0%
Ostrya
0%
Ostyak
0%
otakus
0%
Otaria
0%
otates
0%
Othman
0%
otidia
0%
otiose
0%
otitic
0%
otitid
0%
otitis
0%
Otomac
0%
Otomak
0%
Otomis
0%
otoses
0%
otosis
0%
ottava
0%
Otukes
0%
ouanga
0%
ougiya
0%
ouphes
0%
ourang
0%
ourebi
0%
oursel
0%
ousels
0%
Oushak
0%
ousias
0%
outhit
0%
outjut
0%
outvie
0%
outwit
0%
ouvert
0%
ouzels
0%
ovalis
0%
ovally
0%
Ovambo
0%
ovaria
0%
ovibos
0%
Ovidae
0%
oviger
0%
ovinia
0%
ovisac
0%
ovisms
0%
ovists
0%
ovolos
0%
ovonic
0%
ovular
0%
ovules
0%
ovulum
0%
owelty
0%
Owenia
0%
owlery
0%
owlish
0%
oxalis
0%
oxalyl
0%
oxbird
0%
oxbots
0%
oxbows
0%
oxcart
0%
oxeate
0%
oxeote
0%
oxeyes
0%
oxford
0%
oxgall
0%
oxgang
0%
oxgate
0%
oxgoad
0%
oxhide
0%
oxhorn
0%
oximes
0%
oxlike
0%
oxlips
0%
oxshoe
0%
oxskin
0%
oxteam
0%
oxters
0%
oxygas
0%
oxymel
0%
oxyopy
0%
oyezed
0%
oyezes
0%
ozaena
0%
Ozanna
0%
ozenas
0%
ozonic
0%
No matching quizzes found
Score Distribution
Percent of People with Each Score
Percentile by Number Answered
Your Score History
You have not taken this quiz